00485nam a2200205Ia 4500003000900000005001700009008004100026040001300067040001300080041000800093100002100101245006500122250001100187260001400198260000900212300001100221300001000232490003100242490000600273IT-RoPAU20220918175732.0120407s9999 xx 000 0 und d aIT-RoPAU cIT-RoPAU aita aGiovanni Testori aI promessi sposi alla prova. Azione teatrale in due giornate aMilano aMondatori c1984 a183 p. c19 cm a(Oscar, libri Testori, 1). v1